Unidad Europea y Constitución Federal del Estado

Bewaard in:
Bibliografische gegevens
Coauteur: Instituto de Colaboración Científica
Formaat: Texto
Gepubliceerd in: Tubingen: ICC
Tags: Voeg label toe
Geen labels, Wees de eerste die dit record labelt!

MARC

LEADER 00000 a a2200000 04500
001 23066
003
040
020 |a 0341-6151  
090 |a 159000  
110 |a Instituto de Colaboración Científica  
245 |a Unidad Europea y Constitución Federal del Estado  
260 |a Tubingen:   |b ICC  
300 |a 147 p  
999 |c 12987  |d 12987